| 000 -LEADER |
| fixed length control field |
00781nam a2200205Ia 4500 |
| 001 - CONTROL NUMBER |
| control field |
12509 |
| 003 - CONTROL NUMBER IDENTIFIER |
| control field |
GE_BSU |
| 008 - FIXED-LENGTH DATA ELEMENTS--GENERAL INFORMATION |
| fixed length control field |
181216s||||||||xx |||||||||||||| ||und|| |
| 040 ## - CATALOGING SOURCE |
| Transcribing agency |
GE_BSU |
| 080 ## - UNIVERSAL DECIMAL CLASSIFICATION NUMBER |
| Universal Decimal Classification number |
636.01 |
| 245 ## - TITLE STATEMENT |
| Title |
Проблема происхождения домашних животных |
| 245 ## - TITLE STATEMENT |
| Remainder of title |
Труды совещания по происхождению домашних животных, состоявщегося при лаборатории генетики АНССР 23-25 марта 1932 г. |
| 260 ## - PUBLICATION, DISTRIBUTION, ETC. |
| Place of publication, distribution, etc. |
Ленинград |
| 260 ## - PUBLICATION, DISTRIBUTION, ETC. |
| Date of publication, distribution, etc. |
1933 |
| 300 ## - PHYSICAL DESCRIPTION |
| Extent |
373стр.26см. |
| 300 ## - PHYSICAL DESCRIPTION |
| Accompanying material |
Таблицы с.340-373 |
| 653 ## - INDEX TERM--UNCONTROLLED |
| Uncontrolled term |
Проблема происхождения домашних животных |
| 653 ## - INDEX TERM--UNCONTROLLED |
| Uncontrolled term |
Труды |
| 942 ## - ADDED ENTRY ELEMENTS (KOHA) |
| Koha item type |
წიგნი |